00802nam a2200193Ia 4500001001000000003000500010008004100015010001100056040000900067100003600076245019100112260010300303300001000406440002900416650004200445700003800487700002600525710005700551Para_9222CHAP220125s2003 xx 000 0 und d a207961 cCHAP aSánchez Vélez, Alejandro S. aLa cuenca hidrográfica :b unidad básica de planeación y manejo de recursos naturales /c por Alejandro S. Sánchez Vélez, Rosa María García Núñez y Adolfo Palma Trujano aMéxico, D.F. :b SEMARNAT. Centro de educación y capacitación para el desarrollo sustentable a47 p. aAlternativas productivas aRecursos naturales x conservación aGarcía Núñez, Rosa María  aPalma Trujano, Adolfo aSecretaría del Medio Ambiente y Recursos Naturales